[Event "Frankfurt Ch 2010"]
[Site "Ffm-Kalbach, LAZ"]
[Date "2010.04.26"]
[Round "1.27"]
[White "Bösch, Dirk"]
[Black "Wehhofer, Josef"]
[Result "1-0"]
[WhiteElo "2059"]
[BlackElo "1598"]
[PlyCount "31"]
[EventDate "2010.??.??"]
[SourceDate "2009.03.13"]
[WhiteTeam "SC Brett vor'm Kopp Ffm"]
[BlackTeam "SV Schachf.Darmstadt 1994"]

1. d4 d5 2. c4 dxc4 3. Nf3 Nf6 4. Nc3 Bf5 5. e3 e6 6. Bxc4 Be7 7. Qb3 Qc8 8.
Nh4 Be4 9. Nxe4 Nxe4 10. Nf3 Nd7 11. O-O O-O 12. Bxe6 Ndc5 13. Bxf7+ Rxf7 14.
dxc5 Nxc5 15. Qc4 Bd6 16. Ng5 1-0

[Event "Frankfurt Ch 2010"]
[Site "Ffm-Kalbach, LAZ"]
[Date "2010.04.26"]
[Round "1.28"]
[White "Richter, Wolfram"]
[Black "Graebner, Walter"]
[Result "0-1"]
[WhiteElo "1560"]
[BlackElo "2053"]
[PlyCount "94"]
[EventDate "2010.??.??"]
[SourceDate "2009.03.13"]
[WhiteTeam "SK Bad Sooden-Allendorf"]
[BlackTeam "SC 1961 König Nied"]

1. Nf3 d5 2. g3 Nf6 3. d3 g6 4. Nbd2 Bg7 5. Bg2 O-O 6. e4 c5 7. O-O Nc6 8. Re1
dxe4 9. dxe4 Qc7 10. a4 Rd8 11. Qe2 Bg4 12. c3 Ne5 13. Nc4 Nxc4 14. Qxc4 Nd7
15. Be3 Bxf3 16. Bxf3 Ne5 17. Qe2 c4 18. Bg2 Nd3 19. Red1 Rd6 20. f4 e5 21. Rd2
Rad8 22. Rad1 a6 23. f5 Qa5 24. fxg6 hxg6 25. Bg5 f6 26. Be3 Qxa4 27. Bc5 Rc6
28. Be3 Qb5 29. Qg4 Kf7 30. h4 Rcd6 31. h5 g5 32. Qf5 Kg8 33. Bf1 b6 34. Rh2
Qd7 35. Qg6 Qf7 36. Qf5 Bf8 37. Be2 Nxb2 38. Rf1 Qh7 39. Qg4 Nd3 40. Rf5 Be7
41. h6 Kh8 42. Qf3 Rg8 43. Qf1 b5 44. Bg4 Bd8 45. Rh5 Nf4 46. Rh2 Rd3 47. Bc1
Rxg3+ 0-1

[Event "Frankfurt Ch 2010"]
[Site "Ffm-Kalbach, LAZ"]
[Date "2010.04.26"]
[Round "1.29"]
[White "Richter, Tobias"]
[Black "Lanz, Jürgen"]
[Result "1-0"]
[WhiteElo "2099"]
[BlackElo "1553"]
[PlyCount "49"]
[EventDate "2010.??.??"]
[SourceDate "2009.03.13"]
[WhiteTeam "SV Merseburg"]
[BlackTeam "SC 1979 Hattersheim"]

1. e4 e5 2. Bc4 Nf6 3. d4 exd4 4. Nf3 Bb4+ 5. c3 Be7 6. e5 Ne4 7. Bd5 Ng5 8.
Bxg5 Bxg5 9. cxd4 c6 10. Bb3 O-O 11. O-O d5 12. Bc2 g6 13. Nbd2 Bg4 14. h3 Bxd2
15. hxg4 Bh6 16. Nh2 Na6 17. f4 Qh4 18. Rf3 Qe7 19. g5 Bg7 20. Ng4 Nb4 21. Bb1
Rfe8 22. Rh3 Rac8 23. Nf6+ Bxf6 24. gxf6 Qd7 25. Rxh7 1-0

[Event "Frankfurt Ch 2010"]
[Site "Ffm-Kalbach, LAZ"]
[Date "2010.04.26"]
[Round "1.30"]
[White "Ahlheim, Marcus"]
[Black "Koch, Markus"]
[Result "0-1"]
[WhiteElo "1548"]
[BlackElo "2045"]
[PlyCount "114"]
[EventDate "2010.??.??"]
[SourceDate "2009.03.13"]
[WhiteTeam "Sfr.1891 Friedberg"]
[BlackTeam "SC Brett vor'm Kopp Ffm"]

1. d4 Nf6 2. Bg5 c5 3. d5 d6 4. c4 e5 5. dxe6 Bxe6 6. e4 Be7 7. Nc3 Qa5 8. Qd2
Nc6 9. O-O-O O-O 10. Bd3 a6 11. Kb1 b5 12. Nd5 Bxd5 13. Qxa5 Nxa5 14. cxd5 c4
15. Bc2 Rfe8 16. Bf4 Bf8 17. f3 Nb7 18. Ne2 a5 19. Nd4 b4 20. Nc6 Nc5 21. Rd4
c3 22. bxc3 bxc3 23. a4 Nfd7 24. Rc4 Nb6 25. Rxc3 f5 26. exf5 Nxd5 27. Rxc5
Nxf4 28. Bb3+ Kh8 29. Rxa5 Rac8 30. Nd4 Nxg2 31. Ne6 Rc3 32. Bd5 Ne3 33. Ba2
Be7 34. Rc1 Rd3 35. Rc7 Bf6 36. Rc1 Rd2 37. Rb5 h5 38. a5 Ra8 39. Nf4 h4 40. h3
Kh7 41. Rc6 Ra6 42. Rc8 Rd1+ 43. Rc1 Rc6 44. Rxd1 Nxd1 45. Rb8 Nc3+ 46. Kb2
Ne2+ 47. Ka3 Nxf4 48. Bg8+ Kh6 49. Bf7 Kg5 50. Bg6 Rc5 51. Ka4 Bc3 52. a6 Ra5+
53. Kb3 Bd4 54. Kc4 Bc5 55. Ra8 d5+ 56. Kc3 Ra3+ 57. Kd2 d4 0-1

[Event "Frankfurt Ch 2010"]
[Site "Ffm-Kalbach, LAZ"]
[Date "2010.04.26"]
[Round "1.31"]
[White "Kolker, Vladislav"]
[Black "Kletzerman, Simon"]
[Result "1-0"]
[WhiteElo "2111"]
[BlackElo "1541"]
[PlyCount "55"]
[EventDate "2010.??.??"]
[SourceDate "2009.03.13"]
[WhiteTeam "Sfr.1891 Friedberg"]
[BlackTeam "TuS Makkabi Ffm"]

1. e4 e5 2. f4 exf4 3. Nf3 d6 4. d4 c6 5. Bxf4 Bg4 6. Nc3 Qb6 7. a3 Qxb2 8. Na4
Qxa1 9. Qxa1 Nf6 10. Bd3 Be7 11. O-O O-O 12. h3 Be6 13. c4 d5 14. cxd5 cxd5 15.
e5 Ne4 16. Nc3 f5 17. exf6 Bxf6 18. Nxe4 dxe4 19. Bxe4 Nc6 20. Ne5 Rad8 21.
Nxc6 bxc6 22. Be5 c5 23. Bxf6 gxf6 24. dxc5 f5 25. Bf3 Bd5 26. Bxd5+ Rxd5 27.
Qa2 Rfd8 28. Rd1 1-0

[Event "Frankfurt Ch 2010"]
[Site "Ffm-Kalbach, LAZ"]
[Date "2010.04.26"]
[Round "1.32"]
[White "Popp, Matthias"]
[Black "Marzahn, Heiko"]
[Result "0-1"]
[WhiteElo "1525"]
[BlackElo "1984"]
[PlyCount "44"]
[EventDate "2010.??.??"]
[SourceDate "2009.03.13"]
[WhiteTeam "SC Bergen-Enkheim 1922"]
[BlackTeam "Sfr.Erbach"]

1. Nf3 Nf6 2. d4 g6 3. Bf4 Bg7 4. e3 O-O 5. Nbd2 d6 6. Bc4 Nbd7 7. Ng5 h6 8.
Nge4 Nh5 9. Bg3 c6 10. Bb3 d5 11. Nc3 e5 12. Bxe5 Nxe5 13. dxe5 Bxe5 14. Nf3
Bg7 15. Qd2 b5 16. O-O-O a5 17. a3 b4 18. Nxd5 cxd5 19. Bxd5 Qf6 20. c3 bxc3
21. bxc3 Rb8 22. Qd4 Qe7 0-1

[Event "Frankfurt Ch 2010"]
[Site "Ffm-Kalbach, LAZ"]
[Date "2010.04.26"]
[Round "1.33"]
[White "Göbel, Andreas"]
[Black "Witt, Holger"]
[Result "1-0"]
[WhiteElo "2040"]
[BlackElo "1590"]
[PlyCount "81"]
[EventDate "2010.??.??"]
[SourceDate "2009.03.13"]
[WhiteTeam "SC Brett vor'm Kopp Ffm"]
[BlackTeam "SC Nidderau"]

1. c4 c5 2. Nc3 Nf6 3. g3 g6 4. Bg2 Bg7 5. e4 Nc6 6. Nge2 d6 7. O-O O-O 8. d3
a6 9. h3 Rb8 10. Be3 b5 11. cxb5 axb5 12. d4 b4 13. Nd5 Ba6 14. dxc5 Nxd5 15.
exd5 Bxe2 16. Qxe2 Nd4 17. Bxd4 Bxd4 18. c6 Qc7 19. Rab1 Rfe8 20. Qc4 Bc5 21.
Rbe1 Qa7 22. Re2 Ra8 23. b3 Rac8 24. h4 h5 25. Bh3 Rc7 26. Bd7 Rxd7 27. cxd7
Qxd7 28. Kg2 Qa7 29. Rfe1 Kg7 30. g4 hxg4 31. Qxg4 Qb7 32. Qf3 Qd7 33. h5 g5
34. h6+ Kxh6 35. Rh1+ Kg7 36. Qh5 f6 37. Qh7+ Kf8 38. Re6 Bd4 39. Qf5 Rd8 40.
Rh8+ Kf7 41. Qh7# 1-0

[Event "Frankfurt Ch 2010"]
[Site "Ffm-Kalbach, LAZ"]
[Date "2010.04.26"]
[Round "1.34"]
[White "Lehmann, Gerit"]
[Black "Orlinski, Wolfgang"]
[Result "1/2-1/2"]
[WhiteElo "1486"]
[BlackElo "1967"]
[PlyCount "84"]
[EventDate "2010.??.??"]
[SourceDate "2009.03.13"]
[WhiteTeam "SC 1924 Lampertheim"]
[BlackTeam "Sfr. Frankfurt 1921"]

1. d4 Nf6 2. Nf3 d5 3. Bf4 e6 4. a3 c5 5. dxc5 Bxc5 6. b4 Be7 7. e3 O-O 8. Be2
a5 9. c3 Nbd7 10. Nbd2 Nh5 11. O-O Nxf4 12. exf4 Qc7 13. Nb3 a4 14. Nbd2 Qxf4
15. g3 Qc7 16. Rc1 e5 17. c4 d4 18. c5 b6 19. c6 Nf6 20. Qc2 Bg4 21. Rfe1 Rfe8
22. Bb5 Bd6 23. Kg2 h6 24. Bd3 Kf8 25. Ng1 Be6 26. f3 Nd5 27. Kf2 Nc3 28. Ne2
Qxc6 29. Nxc3 dxc3 30. Qxc3 Qxc3 31. Rxc3 Rec8 32. Rec1 Rxc3 33. Rxc3 Ke7 34.
Rc6 Rb8 35. Nc4 Bxc4 36. Rxc4 g6 37. Bf1 f5 38. Bd3 Ke6 39. Bb1 b5 40. Rc3 Kd7
41. Bd3 Bc7 42. Ke2 Bd6 1/2-1/2

[Event "Frankfurt Ch 2010"]
[Site "Ffm-Kalbach, LAZ"]
[Date "2010.04.26"]
[Round "1.35"]
[White "Syed, Tareq"]
[Black "Mongi, Mario"]
[Result "1-0"]
[WhiteElo "2112"]
[BlackElo "1500"]
[PlyCount "53"]
[EventDate "2010.??.??"]
[SourceDate "2009.03.13"]
[WhiteTeam "SC Brett vor'm Kopp Ffm"]
[BlackTeam "Sfr. Frankfurt 1921"]

1. d3 e6 2. e4 c5 3. g3 d5 4. Nd2 Be7 5. Bg2 Nc6 6. Ngf3 d4 7. O-O e5 8. Ne1
Bg5 9. f4 Be7 10. Nef3 exf4 11. gxf4 Qd6 12. f5 Nf6 13. Nc4 Qc7 14. Ng5 Bd6 15.
Nxd6+ Qxd6 16. Bf4 Ne5 17. Nf3 Nfg4 18. h3 Ne3 19. Bxe5 Nxd1 20. Bxd6 Ne3 21.
Rf2 b6 22. Bf4 Nxg2 23. Kxg2 Bb7 24. Kg3 f6 25. Nd2 Rd8 26. Nc4 b5 27. Nd6+ 1-0

[Event "Frankfurt Ch 2010"]
[Site "Ffm-Kalbach, LAZ"]
[Date "2010.04.26"]
[Round "1.36"]
[White "Knott, Tilo"]
[Black "Henzner, Reiner"]
[Result "1/2-1/2"]
[WhiteElo "1484"]
[BlackElo "2082"]
[PlyCount "41"]
[EventDate "2010.??.??"]
[SourceDate "2009.03.13"]
[WhiteTeam "SC Brett vor'm Kopp Ffm"]
[BlackTeam "SV Oberursel"]

1. d4 Nf6 2. Nc3 e6 3. Bg5 h6 4. Bh4 Bb4 5. a3 Bxc3+ 6. bxc3 g5 7. Bg3 Ne4 8.
Qd3 d5 9. Nf3 c5 10. dxc5 Nc6 11. Nd2 Qa5 12. Nxe4 dxe4 13. Qe3 f5 14. Bd6 Bd7
15. g3 O-O-O 16. Bg2 Rhe8 17. O-O e5 18. Rfb1 Be6 19. a4 Bc4 20. Rb2 Ba6 21. g4
1/2-1/2

[Event "Frankfurt Ch 2010"]
[Site "Ffm-Kalbach, LAZ"]
[Date "2010.04.26"]
[Round "1.37"]
[White "Wagner, Dirk"]
[Black "Rolf, Marco"]
[Result "1-0"]
[WhiteElo "1935"]
[BlackElo "1479"]
[PlyCount "41"]
[EventDate "2010.??.??"]
[SourceDate "2009.03.13"]
[WhiteTeam "Sfr. Frankfurt 1921"]
[BlackTeam "SK Bad Homburg 1927"]

1. d4 Nf6 2. c4 e5 3. dxe5 Ng4 4. Nf3 Nc6 5. a3 Ncxe5 6. Nxe5 Nxe5 7. e3 d6 8.
Be2 Be6 9. f4 Nd7 10. O-O Nf6 11. Nc3 g6 12. e4 Qe7 13. f5 Bd7 14. Bg5 Qe5 15.
Bxf6 Qxf6 16. Nd5 Qd8 17. Qd4 Rg8 18. Nf6+ Ke7 19. Nxg8+ Ke8 20. Nf6+ Ke7 21.
Nd5+ 1-0

[Event "Frankfurt Ch 2010"]
[Site "Ffm-Kalbach, LAZ"]
[Date "2010.04.26"]
[Round "1.38"]
[White "Bock, Mario"]
[Black "Noblé, Alexander"]
[Result "1-0"]
[WhiteElo "1468"]
[BlackElo "2045"]
[PlyCount "91"]
[EventDate "2010.??.??"]
[SourceDate "2009.03.13"]
[WhiteTeam "Sfr. Frankfurt 1921"]
[BlackTeam "SC Bad Nauheim"]

1. d4 Nf6 2. c4 e6 3. Nc3 d5 4. e3 c6 5. Nf3 Be7 6. Bd3 O-O 7. O-O b6 8. b3 Bb7
9. cxd5 exd5 10. Bb2 Nbd7 11. Rc1 c5 12. Qe2 Re8 13. Rfd1 Rc8 14. Na4 Bd6 15.
Bb5 Ne4 16. dxc5 bxc5 17. Nc3 Nxc3 18. Bxc3 Re6 19. Qd2 Nf6 20. Qd3 Ne4 21. Bb2
g5 22. Qc2 g4 23. Ne1 Bxh2+ 24. Kxh2 Rh6+ 25. Kg1 Qg5 26. Bd7 Rd8 27. Bxg4 Qxg4
28. f3 Qg3 29. Qxe4 Qh2+ 30. Kf2 d4 31. Qxb7 dxe3+ 32. Ke2 Re8 33. Rxc5 Qg3 34.
Bd4 Qf2+ 35. Kd3 Qf1+ 36. Kc2 Rg6 37. Qe4 Qe2+ 38. Kc1 Rd8 39. Qxe3 Qxa2 40.
Qc3 Rgd6 41. Rg5+ Kf8 42. Bg7+ Ke8 43. Re5+ Re6 44. Qc6+ Ke7 45. Qc5+ Ke8 46.
Qf8# 1-0

[Event "Frankfurt Ch 2010"]
[Site "Ffm-Kalbach, LAZ"]
[Date "2010.04.26"]
[Round "1.39"]
[White "Ellrich, Jochen"]
[Black "Heun, Andreas"]
[Result "1-0"]
[WhiteElo "2080"]
[BlackElo "1464"]
[PlyCount "39"]
[EventDate "2010.??.??"]
[SourceDate "2009.03.13"]
[WhiteTeam "SK Bad Homburg 1927"]
[BlackTeam "SC Ladja Roßdorf"]

1. d4 Nf6 2. Nc3 d5 3. e4 dxe4 4. f3 exf3 5. Nxf3 Bg4 6. h3 Bh5 7. g4 Bg6 8.
Ne5 e6 9. Bg2 c6 10. h4 Bb4 11. Bg5 Qa5 12. Bd2 h5 13. g5 Ng4 14. Nxg6 fxg6 15.
Qe2 O-O 16. Qxe6+ Kh7 17. Be4 Rf5 18. d5 Re5 19. Qxg6+ Kg8 20. Qh7+ 1-0

[Event "Frankfurt Ch 2010"]
[Site "Ffm-Kalbach, LAZ"]
[Date "2010.04.26"]
[Round "1.40"]
[White "Fischer, Lutz"]
[Black "Schlößner, Henrik"]
[Result "1/2-1/2"]
[WhiteElo "1456"]
[BlackElo "2043"]
[PlyCount "99"]
[EventDate "2010.??.??"]
[SourceDate "2009.03.13"]
[WhiteTeam "Sfr. Frankfurt 1921"]
[BlackTeam "SV Kinzigtal"]

1. e4 c6 2. d4 d5 3. Nc3 dxe4 4. Nxe4 Nd7 5. Nf3 Ngf6 6. Bd3 Nxe4 7. Bxe4 Nf6
8. Bd3 Bg4 9. c3 e6 10. Bf4 Be7 11. O-O O-O 12. Re1 Qb6 13. Rb1 c5 14. dxc5
Bxc5 15. Be3 Rfd8 16. Bxc5 Qxc5 17. Re3 Rd6 18. Qc2 h6 19. b4 Qc7 20. Ne5 Rad8
21. Nxg4 Nxg4 22. Rg3 Ne5 23. Rd1 Qd7 24. Bh7+ Kh8 25. Rxd6 Qxd6 26. f4 Qd1+
27. Qxd1 Rxd1+ 28. Kf2 Rd2+ 29. Ke1 Rxa2 30. Be4 Nc6 31. b5 Na5 32. Rd3 f5 33.
Bf3 Rb2 34. Rd8+ Kh7 35. Be2 Kg6 36. Ra8 Nb3 37. Rxa7 Nc5 38. c4 Rb4 39. Ra8
Kf6 40. Rc8 b6 41. Rc6 Na4 42. Bf3 Ke7 43. Kd2 Kd7 44. Kd3 Rb1 45. Kc2 Rb2+ 46.
Kd3 Rf2 47. Ke3 Rf1 48. Kd2 Nb2 49. Kc2 Na4 50. Kd2 1/2-1/2

[Event "Frankfurt Ch 2010"]
[Site "Ffm-Kalbach, LAZ"]
[Date "2010.04.26"]
[Round "1.41"]
[White "Hierling, Stefan"]
[Black "Frank, Dieter"]
[Result "1-0"]
[WhiteElo "2059"]
[BlackElo "1453"]
[PlyCount "87"]
[EventDate "2010.??.??"]
[SourceDate "2009.03.13"]
[WhiteTeam "SK 1927 Dieburg"]
[BlackTeam "SK Eberstadt 1924"]

1. e4 c5 2. Nc3 e6 3. Nf3 Nc6 4. d4 cxd4 5. Nxd4 a6 6. a3 Qc7 7. Be3 b5 8. Nxc6
Qxc6 9. Qd4 Bb7 10. Be2 d6 11. Bf3 Ne7 12. Rd1 Ng6 13. Qb6 Be7 14. Be2 O-O 15.
O-O Bf6 16. Qxc6 Bxc6 17. Bd4 Bxd4 18. Rxd4 Nf4 19. Bf3 d5 20. exd5 Nxd5 21.
Bxd5 exd5 22. Nxd5 Bxd5 23. Rxd5 Rfc8 24. Rfd1 Kf8 25. R1d2 Rc6 26. f3 Re8 27.
Kf2 Ree6 28. c3 Ke7 29. Rd7+ Kf6 30. R2d4 Re7 31. Rf4+ Ke6 32. Rd3 f6 33. a4
Rb7 34. axb5 axb5 35. Re4+ Kf7 36. Rdd4 Rc4 37. Ke3 Rxd4 38. Rxd4 Ke6 39. Rb4
Kd5 40. c4+ Kc5 41. Rxb5+ Rxb5 42. cxb5 Kxb5 43. Ke4 g6 44. Kd5 1-0

[Event "Frankfurt Ch 2010"]
[Site "Ffm-Kalbach, LAZ"]
[Date "2010.04.26"]
[Round "1.42"]
[White "Herwig-Päutz, Martin"]
[Black "Donchenko, Irina"]
[Result "1/2-1/2"]
[WhiteElo "1418"]
[BlackElo "2058"]
[PlyCount "77"]
[EventDate "2010.??.??"]
[SourceDate "2009.03.13"]
[WhiteTeam "SC Nidderau"]
[BlackTeam "SK 1858 Gießen"]

1. e4 c5 2. Nf3 d6 3. Nc3 Nf6 4. Bb5+ Bd7 5. Qe2 a6 6. Bxd7+ Qxd7 7. O-O Nc6 8.
a3 e6 9. d3 Be7 10. Be3 O-O 11. Rad1 b5 12. d4 cxd4 13. Nxd4 Rfc8 14. Nxc6 Qxc6
15. Bg5 h6 16. Bh4 Qc5 17. Rfe1 Bf8 18. Bxf6 gxf6 19. Rd3 Kh7 20. Rh3 Be7 21.
Rh5 Qc4 22. Qe3 Bf8 23. Qf4 Ra7 24. Re3 Rc5 25. Rxc5 Qxc5 26. Qxf6 Bg7 27. Qd8
Bd4 28. Rf3 Qc7 29. Qh4 Bg7 30. g4 Qc5 31. Kg2 Qg5 32. Qxg5 hxg5 33. Nd1 Kg6
34. b4 Rc7 35. c3 Be5 36. Rh3 Rc4 37. Re3 Bf4 38. Re2 Bc1 39. f3 1/2-1/2

[Event "Frankfurt Ch 2010"]
[Site "Ffm-Kalbach, LAZ"]
[Date "2010.04.26"]
[Round "1.43"]
[White "Henzelmann, Klaus"]
[Black "Wich, Manuela"]
[Result "1-0"]
[WhiteElo "2101"]
[BlackElo "1414"]
[PlyCount "61"]
[EventDate "2010.??.??"]
[SourceDate "2009.03.13"]
[WhiteTeam "SK 1858 Gießen"]
[BlackTeam "SV 1920 Hofheim"]

1. e4 c6 2. Nc3 e5 3. d4 d6 4. Nf3 exd4 5. Qxd4 c5 6. Qd3 Nc6 7. Bf4 Nb4 8. Qd2
Nf6 9. a3 Nc6 10. Bd3 Bg4 11. O-O-O Bxf3 12. gxf3 Nd4 13. Be2 Be7 14. Be3 Nxe2+
15. Qxe2 O-O 16. e5 Ne8 17. Bxc5 Qa5 18. Bb4 Bg5+ 19. Kb1 Qxe5 20. Qxe5 dxe5
21. Bxf8 Kxf8 22. Rd7 Rb8 23. Rhd1 a5 24. R7d5 b6 25. Rxe5 Bf6 26. Re3 b5 27.
Ne4 Be5 28. Nc5 f6 29. Nd7+ Kf7 30. Nxb8 Bxb8 31. Rd7+ 1-0

[Event "Frankfurt Ch 2010"]
[Site "Ffm-Kalbach, LAZ"]
[Date "2010.04.26"]
[Round "1.44"]
[White "Hartmann, Stephan"]
[Black "Seifert, Norbert"]
[Result "0-1"]
[WhiteElo "1406"]
[BlackElo "2054"]
[PlyCount "52"]
[EventDate "2010.??.??"]
[SourceDate "2009.03.13"]
[WhiteTeam "SG Turm Idstein"]
[BlackTeam "Sfr. Neuberg"]

1. e4 c5 2. d4 cxd4 3. Qxd4 Nc6 4. Qd1 Nf6 5. Nc3 e6 6. Bg5 Bb4 7. Bd3 d5 8.
exd5 exd5 9. Bd2 Bg4 10. f3 Bh5 11. a3 Bc5 12. Qe2+ Be7 13. Bg5 O-O 14. O-O-O
d4 15. Ne4 Bg6 16. Nxf6+ Bxf6 17. Bxf6 Qxf6 18. Bxg6 Qxg6 19. Qf2 Rac8 20. Kb1
Rfd8 21. Rd3 Ne5 22. Rb3 d3 23. cxd3 Nxd3 24. Rxd3 Qxd3+ 25. Ka2 Rc2 26. Qxa7
Qc4+ 0-1

[Event "Frankfurt Ch 2010"]
[Site "Ffm-Kalbach, LAZ"]
[Date "2010.04.26"]
[Round "1.45"]
[White "Faqiry, Ramat"]
[Black "Donchenko, Daria"]
[Result "1-0"]
[WhiteElo "1977"]
[BlackElo "1706"]
[PlyCount "43"]
[EventDate "2010.??.??"]
[SourceDate "2009.03.13"]
[WhiteTeam "SK Bad Homburg 1927"]
[BlackTeam "SK 1858 Gießen"]

1. d4 f5 2. g4 d5 3. gxf5 Bxf5 4. Bh3 Bxh3 5. Nxh3 Nf6 6. Nc3 Nbd7 7. Nf4 c6 8.
Ne6 Qb6 9. Na4 Qa5+ 10. c3 Rc8 11. b4 Qb5 12. Bf4 Kf7 13. Nc7 Qc4 14. Qc2 Ne4
15. f3 Rxc7 16. Bxc7 Nef6 17. Qb3 Qa6 18. Nc5 Nxc5 19. bxc5 Ne8 20. Be5 e6 21.
Kf2 Nf6 22. Rhb1 1-0

[Event "Frankfurt Ch 2010"]
[Site "Ffm-Kalbach, LAZ"]
[Date "2010.04.26"]
[Round "1.46"]
[White "Willenbring, Jens-Dirk"]
[Black "Poetsch, Gero"]
[Result "0-1"]
[WhiteElo "1397"]
[BlackElo "2015"]
[PlyCount "66"]
[EventDate "2010.??.??"]
[SourceDate "2009.03.13"]
[WhiteTeam "Bad Vilbeler Sfr.1985"]
[BlackTeam "SC Nidderau"]

1. d4 c5 2. c3 e6 3. Nf3 d5 4. Bf4 Nf6 5. Nbd2 Nc6 6. e3 Be7 7. Bb5 Qb6 8. Qa4
Bd7 9. Bxc6 Bxc6 10. Qc2 Nh5 11. Bg5 f6 12. Bh4 g6 13. Rb1 Rc8 14. Qd1 Qa6 15.
Ra1 Kf7 16. Qe2 Bb5 17. Qd1 Bd3 18. b3 cxd4 19. Nxd4 e5 20. Ne2 Bxe2 21. Qxe2
Qxe2+ 22. Kxe2 Rxc3 23. Rhc1 Rhc8 24. Rxc3 Rxc3 25. Kd1 Ng7 26. Rc1 Rxc1+ 27.
Kxc1 Ke6 28. f3 Bc5 29. e4 dxe4 30. Nxe4 Be3+ 31. Kc2 f5 32. Kd3 fxe4+ 33. Kxe3
Nf5+ 0-1

[Event "Frankfurt Ch 2010"]
[Site "Ffm-Kalbach, LAZ"]
[Date "2010.04.26"]
[Round "1.47"]
[White "Janke, Christian"]
[Black "Stulken, Dietmar"]
[Result "1-0"]
[WhiteElo "1859"]
[BlackElo "1373"]
[PlyCount "69"]
[EventDate "2010.??.??"]
[SourceDate "2009.03.13"]
[WhiteTeam "SV Spr.Siershahn"]
[BlackTeam "SC Brett vor'm Kopp Ffm"]

1. e4 e5 2. f4 d5 3. exd5 Qxd5 4. Nc3 Qe6 5. Nf3 exf4+ 6. Be2 c6 7. d4 Bb4 8.
O-O Bxc3 9. bxc3 Ne7 10. Bxf4 O-O 11. Ne5 Nd5 12. Bd2 Nd7 13. c4 Nxe5 14. cxd5
Qxd5 15. dxe5 Qxe5 16. Bf4 Qc5+ 17. Kh1 Be6 18. Bd6 Qg5 19. Bxf8 Kxf8 20. Qd6+
Qe7 21. Qxe7+ Kxe7 22. Rae1 Rd8 23. Bc4 Rd6 24. Bxe6 Rxe6 25. Rxe6+ Kxe6 26.
Kg1 f6 27. Rd1 Ke7 28. Kf2 a6 29. Ke3 c5 30. Ke4 b6 31. Kd5 Kd7 32. Rd3 g6 33.
Rf3 f5 34. Rh3 h5 35. Rg3 1-0

[Event "Frankfurt Ch 2010"]
[Site "Ffm-Kalbach, LAZ"]
[Date "2010.04.26"]
[Round "1.48"]
[White "Kümmel, Werner"]
[Black "Gutacker, Stephan"]
[Result "0-1"]
[WhiteElo "1351"]
[BlackElo "1936"]
[PlyCount "45"]
[EventDate "2010.??.??"]
[SourceDate "2009.03.13"]
[WhiteTeam "SC Bad Soden"]
[BlackTeam "Sfr.1932 Kelkheim"]

1. d4 Nf6 2. c4 e5 3. d5 Bc5 4. Nc3 a5 5. Nf3 d6 6. e3 O-O 7. Be2 Bf5 8. Bd2 h6
9. Na4 Nbd7 10. Nxc5 Nxc5 11. Bc3 Nfe4 12. Qc1 b6 13. b4 Nxc3 14. Qxc3 axb4 15.
Qxb4 Bd3 16. Kd2 e4 17. Ne1 Ra4 18. Qc3 Rxc4 19. Qxc4 Bxc4 20. Bxc4 Qf6 21. Nc2
Qxf2+ 22. Be2 Qxg2 23. a4 0-1

[Event "Frankfurt Ch 2010"]
[Site "Ffm-Kalbach, LAZ"]
[Date "2010.04.26"]
[Round "1.49"]
[White "Cors, Heinz-Friedrich"]
[Black "Lopez-Fuertes, Victor"]
[Result "1-0"]
[WhiteElo "1959"]
[BlackElo "1334"]
[PlyCount "41"]
[EventDate "2010.??.??"]
[SourceDate "2009.03.13"]
[WhiteTeam "SV Schachf.Darmstadt 1994"]
[BlackTeam "SC 1910 Höchst"]

1. e4 e5 2. Bc4 Bc5 3. Nf3 Nc6 4. c3 Nf6 5. d3 d5 6. exd5 Nxd5 7. O-O Bg4 8.
Nbd2 O-O 9. Ne4 Bb6 10. Ng3 Na5 11. Bxd5 Qxd5 12. b4 Bxf3 13. gxf3 Nc6 14. c4
Qd4 15. Be3 Qc3 16. c5 Nxb4 17. cxb6 cxb6 18. Qa4 Nxd3 19. Qg4 f5 20. Nxf5 Rf6
21. Qxg7# 1-0

[Event "Frankfurt Ch 2010"]
[Site "Ffm-Kalbach, LAZ"]
[Date "2010.04.26"]
[Round "1.50"]
[White "Miller, Justin"]
[Black "Kulenovic, Adnan"]
[Result "0-1"]
[WhiteElo "1304"]
[BlackElo "1799"]
[PlyCount "34"]
[EventDate "2010.??.??"]
[SourceDate "2009.03.13"]
[WhiteTeam "Sfr.1932 Kelkheim"]
[BlackTeam "SK Springer Rodenbach"]

1. e4 e5 2. Nf3 f5 3. Bc4 fxe4 4. Nxe5 Qg5 5. d4 Qxg2 6. Qh5+ g6 7. Bf7+ Kd8 8.
Bxg6 Qxh1+ 9. Ke2 c6 10. Nf7+ Kc7 11. Qe5+ d6 12. Qe8 Bg4+ 13. Kd2 Be7 14. Nxh8
hxg6 15. Nxg6 Bg5+ 16. Kc3 Qf3+ 17. Kc4 d5+ 0-1

[Event "Frankfurt Ch 2010"]
[Site "Ffm-Kalbach, LAZ"]
[Date "2010.04.26"]
[Round "1.51"]
[White "Geringer, Waldemar"]
[Black "Slobodetski, Oleg"]
[Result "1-0"]
[WhiteElo "1949"]
[BlackElo "1287"]
[PlyCount "101"]
[EventDate "2010.??.??"]
[SourceDate "2009.03.13"]
[WhiteTeam "SC 1950 Eppertshausen"]
[BlackTeam "SV KS 1929 Großauheim"]

1. d4 Nf6 2. c4 e6 3. Nf3 d5 4. g3 c6 5. Bg2 Nbd7 6. O-O Be7 7. Qc2 O-O 8. Rd1
b5 9. b3 Bb7 10. c5 Qc7 11. Bf4 Qd8 12. Nbd2 Re8 13. e4 dxe4 14. Nxe4 Nxe4 15.
Qxe4 Nf6 16. Qc2 Nd5 17. Ne5 Bg5 18. Bxg5 Qxg5 19. Be4 g6 20. h4 Qh6 21. Rd3
Nb4 22. Qd2 Qxd2 23. Rxd2 Nd5 24. Re1 f6 25. Ng4 Kg7 26. Bxd5 exd5 27. Rde2
Rxe2 28. Rxe2 Rf8 29. Re7+ Rf7 30. Re8 h5 31. Ne3 Rf8 32. Re6 Kf7 33. Rd6 Re8
34. g4 Re6 35. gxh5 gxh5 36. Rd7+ Re7 37. Rxe7+ Kxe7 38. Nf5+ Kf8 39. Nd6 Ba6
40. b4 Kg7 41. Kg2 Kg6 42. Kf3 Kh6 43. Kf4 Kg6 44. a3 f5 45. Ke5 Kh7 46. Kxf5
Kh6 47. Kf6 Kh7 48. Kf7 Kh6 49. f4 Kh7 50. f5 Kh6 51. Kg8 1-0

[Event "Frankfurt Ch 2010"]
[Site "Ffm-Kalbach, LAZ"]
[Date "2010.04.26"]
[Round "1.52"]
[White "Honert, Stefan"]
[Black "Roccasalvo, Giuseppe"]
[Result "1/2-1/2"]
[WhiteElo "1271"]
[BlackElo "1845"]
[PlyCount "39"]
[EventDate "2010.??.??"]
[SourceDate "2009.03.13"]
[WhiteTeam "Sfr. Frankfurt 1921"]
[BlackTeam "SF Plochingen"]

1. d4 Nf6 2. c4 e5 3. dxe5 Ng4 4. Nf3 Bc5 5. e3 Nc6 6. Nc3 Ngxe5 7. Be2 O-O 8.
O-O Re8 9. a3 a5 10. b3 Nxf3+ 11. Bxf3 Ne5 12. Be2 d6 13. Ne4 Bb6 14. Ng3 Bd7
15. Bb2 Qh4 16. Bd4 Bxd4 17. Qxd4 Qxd4 18. exd4 Nc6 19. Rad1 Re7 20. d5 1/2-1/2

[Event "Frankfurt Ch 2010"]
[Site "Ffm-Kalbach, LAZ"]
[Date "2010.04.26"]
[Round "1.53"]
[White "Biegel, Thomas"]
[Black "Leßmann, Sven"]
[Result "1-0"]
[WhiteElo "2021"]
[BlackElo "1248"]
[PlyCount "67"]
[EventDate "2010.??.??"]
[SourceDate "2009.03.13"]
[WhiteTeam "SC Eschborn 1974"]
[BlackTeam "SC Bad Soden"]

1. d4 d5 2. Nf3 Nc6 3. g3 Nf6 4. Bg2 e6 5. O-O Be7 6. c4 O-O 7. Ne5 Nd7 8. Nxc6
bxc6 9. c5 Rb8 10. f4 Ba6 11. Nc3 Bf6 12. Rf2 Re8 13. e4 dxe4 14. Nxe4 Rb4 15.
Be3 Nf8 16. Nxf6+ Qxf6 17. a3 Rbb8 18. Bxc6 Red8 19. Qa4 Bb7 20. Bxb7 Rxb7 21.
Rc1 Qf5 22. c6 Qb5 23. Qd1 Rbb8 24. b4 Rd5 25. Rfc2 Qa4 26. Qd3 Rb6 27. Rc5 Ng6
28. f5 Ne5 29. Qe4 Rxc6 30. dxe5 Rcxc5 31. Rxc5 Qd1+ 32. Kf2 Rd7 33. Rc1 Qa4
34. Qa8+ 1-0